| 000 | 00574nam a2200229Ia 4500 | ||
|---|---|---|---|
| 003 | OSt | ||
| 005 | 20220928141019.0 | ||
| 006 | a|||||r|||| 00| 0 | ||
| 007 | ta | ||
| 008 | 220927b |||||||| |||| 00| 0 eng d | ||
| 024 | _a12767 | ||
| 037 | _cTextual | ||
| 040 |
_aSDCL _cSDCL _beng |
||
| 041 |
_2eng _aeng |
||
| 082 | _aV1:19'N7, L2 | ||
| 100 |
_aHolsti K J _9498415 |
||
| 245 | 0 |
_aInternational politics _bA framework for analysis |
|
| 250 | _a2 | ||
| 260 | _c1973 | ||
| 942 |
_hV1:19'N7, L2 _cTEXL _2CC |
||
| 999 |
_c815176 _d815176 |
||